Vista normal
Vista MARC
Entrada Personal Name
Número de registros utilizados en: 1
001 - CONTROL NUMBER
- control field: 9807
003 - CONTROL NUMBER IDENTIFIER
- control field: OSt
005 - DATE AND TIME OF LATEST TRANSACTION
- control field: 20200903232937.0
008 - FIXED-LENGTH DATA ELEMENTS
- fixed length control field: 200903|| aca||aabn | a|a d
040 ## - CATALOGING SOURCE
- Original cataloging agency: OSt
- Transcribing agency: OSt
100 ## - HEADING--PERSONAL NAME
- Personal name: Cabrera Miranda, Aura Carmela
670 ## - SOURCE DATA FOUND
- Source citation: Work cat.: (OSt)3916: Romero Acevedo, Tatiana, autora 9803, Guía de atención a las personas con discapacidad en el acceso a la justicia / , [2015]